000 00300nam a2200109 4500
999 _c9785
_d9785
008 180717b ||||| |||| 00| 0 eng d
245 _aOnline English teaching: A noble profession.
260 _aDavao City
_bSun Star Davao
_cc2016
300 _apage 13.
650 0 _928992
_aTeaching.
942 _2ddc
_cPER